00357nam a22001457a 4500003000500000005001700005008000600022020002300028040001400051082001700065100001700082245004300099260004800142300002100190322820250220085151.0 eng  a9781432114213qpbk aRDAc3228 a268.434 BUCH aBuchan,Angus aIs Jesus EnoughcBuchan,AngushEnglish aVereenigingbChristian Art Publishersc2016 a262 pagesc20 cm